<?xml version="1.0" encoding="UTF-8"?>
<record
    xmlns:xsi="http://www.w3.org/2001/XMLSchema-instance"
    xsi:schemaLocation="http://www.loc.gov/MARC21/slim http://www.loc.gov/standards/marcxml/schema/MARC21slim.xsd"
    xmlns="http://www.loc.gov/MARC21/slim">

  <leader>01699nam a22001817a 4500</leader>
  <controlfield tag="005">20231113174911.0</controlfield>
  <controlfield tag="008">231113b           ||||| |||| 00| 0 eng d</controlfield>
  <datafield tag="040" ind1=" " ind2=" ">
    <subfield code="a">WIUC - GH</subfield>
    <subfield code="c">WIUC - GH</subfield>
  </datafield>
  <datafield tag="050" ind1=" " ind2=" ">
    <subfield code="a">RD93.W91</subfield>
  </datafield>
  <datafield tag="245" ind1=" " ind2=" ">
    <subfield code="a">The wound care handbook</subfield>
    <subfield code="c">Mediline Industries</subfield>
  </datafield>
  <datafield tag="250" ind1=" " ind2=" ">
    <subfield code="a">2nd ed.</subfield>
  </datafield>
  <datafield tag="260" ind1=" " ind2=" ">
    <subfield code="a">Mundelein, IL</subfield>
    <subfield code="b">Mediline Industries</subfield>
    <subfield code="c">2008</subfield>
  </datafield>
  <datafield tag="300" ind1=" " ind2=" ">
    <subfield code="a">vii, 522 p :</subfield>
    <subfield code="b">ills.;</subfield>
    <subfield code="e">CD_ROM (inside front cover)</subfield>
  </datafield>
  <datafield tag="505" ind1=" " ind2=" ">
    <subfield code="a">Contents: If not us, who? If not now, when? -- The basics of wound care -- Preventing pressure ulcers -- Nutrition and lab values -- The different types of wounds -- Assessment and documentation -- Wound care for pediatric, burn, bariatric and cancer patients -- Debridement -- Using D.I.M.E.S to your advantage -- Wound care algorithm -- Treatment protocols -- Adjunctive therapies -- Tools for wound healing -- Discharge planning -- Infection prevention -- Wound care certification -- How to develop a wound care team -- Grant writing -- Prevalence &amp; incidence -- Legal issues in wound care -- Joint Commission On Accreditation of Healthcare Organizations (Joint Commission) -- Agency for Healthcare Research and Quality (AHRQ) -- National Pressure Ulcer Advisory Panel (NPUAP) -- OASIS in home health care -- Centers for Medicare &amp; Medicaid Services (CMS) --New opportunities to improve pressure ulcer prevention and treatment -- American Medical Directors Association (AMDA) guidelines for pressure ulcers -- Wound, Ostomy, and Continence Nurses Society (WOCN) -- CMS HCPCS guidelines and reimbursement -- Wound care product cross-reference -- Skin care product cross-reference</subfield>
  </datafield>
  <datafield tag="650" ind1=" " ind2=" ">
    <subfield code="2">Wound care</subfield>
  </datafield>
  <datafield tag="700" ind1=" " ind2=" ">
    <subfield code="a">Baharestani, Mona M.</subfield>
    <subfield code="9">2846</subfield>
  </datafield>
  <datafield tag="942" ind1=" " ind2=" ">
    <subfield code="2">lcc</subfield>
    <subfield code="c">BK</subfield>
  </datafield>
  <datafield tag="999" ind1=" " ind2=" ">
    <subfield code="c">10235</subfield>
    <subfield code="d">17735</subfield>
  </datafield>
  <datafield tag="952" ind1=" " ind2=" ">
    <subfield code="0">0</subfield>
    <subfield code="1">0</subfield>
    <subfield code="2">lcc</subfield>
    <subfield code="4">0</subfield>
    <subfield code="7">0</subfield>
    <subfield code="a">WIUC-KL</subfield>
    <subfield code="b">WIUC-KL</subfield>
    <subfield code="c">NURS L.</subfield>
    <subfield code="d">2019-11-25</subfield>
    <subfield code="o">RD93.W91(2e)</subfield>
    <subfield code="p">KSN/579/579/19</subfield>
    <subfield code="r">2023-11-13 00:00:00</subfield>
    <subfield code="w">2023-11-13</subfield>
    <subfield code="y">BK</subfield>
  </datafield>
</record>
